Library Banner

India (Record no. 66036)

MARC details
000 -LEADER
fixed length control field 00380nam a22001577a 4500
005 - DATE AND TIME OF LATEST TRANSACTION
control field 20150210101909.0
008 - FIXED-LENGTH DATA ELEMENTS--GENERAL INFORMATION
fixed length control field 150210b xxu||||| |||| 00| 0 eng d
020 ## - INTERNATIONAL STANDARD BOOK NUMBER
International Standard Book Number 11109876
040 ## - CATALOGING SOURCE
Transcribing agency PK-LaUMT
082 ## - DEWEY DECIMAL CLASSIFICATION NUMBER
Classification number 954.03
Item number WOL-I
100 ## - MAIN ENTRY--PERSONAL NAME
Personal name Wopert, Stanley
245 ## - TITLE STATEMENT
Title India
Statement of responsibility, etc Stanley Wolpert
260 ## - PUBLICATION, DISTRIBUTION, ETC. (IMPRINT)
Place of publication, distribution, etc New Jersey
Name of publisher, distributor, etc A spectrum book
Date of publication, distribution, etc 1965
300 ## - PHYSICAL DESCRIPTION
Extent 178 p.
942 ## - ADDED ENTRY ELEMENTS (KOHA)
Koha item type Books
Holdings
Withdrawn status Lost status Damaged status Home library Current library Date acquired Full call number Barcode Date last seen Price effective from Koha item type
      UMT Main Campus UMT Main Campus 2015-02-10 954.03 WOL-I 70293 2020-03-03 2015-02-10 Books